|
|
|
|
| LEADER |
00000nam0a2200000 4500 |
| 001 |
189070 |
| 005 |
20231101224201.0 |
| 010 |
|
|
|a 9785238019376
|
| 035 |
|
|
|a (RuTPU)RU\TPU\book\205373
|
| 035 |
|
|
|a RU\TPU\book\145448
|
| 090 |
|
|
|a 189070
|
| 100 |
|
|
|a 20080326d2011 m y0rusy50 ca
|
| 101 |
0 |
|
|a rus
|
| 102 |
|
|
|a RU
|
| 105 |
|
|
|a y j 001zy
|
| 200 |
1 |
|
|a Учет, налогообложение и анализ внешнеэкономической деятельности организации
|e учебное пособие
|f А. Ф. Ионова, Н. А. Тарасова, Н. Д. Амаглобели
|
| 205 |
|
|
|a 2-е изд., перераб. и доп.
|
| 210 |
|
|
|a Москва
|c ЮНИТИ-ДАНА
|d 2011
|
| 215 |
|
|
|a 415 с.
|
| 320 |
|
|
|a Библиогр.: с. 412.
|
| 330 |
|
|
|a Рассмотрены основы внешнеэкономической деятельности, особенности валютного и таможенного регулирования в РФ, учет, налогообложение и анализ экспортных и импортных операций, анализ операций по покупке и продаже иностранной валюты. Дается оригинальная методика и определяется информационная база для анализа ВЭД в виде отчетности по сегментам ВЭД. Для практических работников — бухгалтеров, менеджеров, предпринимателей и руководителей организаций, ведущих внешнеэкономическую деятельность, а также студентов и аспирантов экономических специальностей.
|
| 606 |
1 |
|
|a Внешнеэкономическая деятельность
|2 stltpush
|3 (RuTPU)RU\TPU\subj\35997
|9 57529
|
| 606 |
1 |
|
|a Анализ хозяйственной деятельности
|2 stltpush
|3 (RuTPU)RU\TPU\subj\35844
|9 57416
|
| 610 |
1 |
|
|a экономика
|
| 610 |
1 |
|
|a организации
|
| 610 |
1 |
|
|a Российская Федерация
|
| 610 |
1 |
|
|a валютное регулирование
|
| 610 |
1 |
|
|a валютный контроль
|
| 610 |
1 |
|
|a таможенное регулирование
|
| 610 |
1 |
|
|a валютные операции
|
| 610 |
1 |
|
|a бухгалтерский учет
|
| 610 |
1 |
|
|a загранкомандировки
|
| 610 |
1 |
|
|a расходы
|
| 610 |
1 |
|
|a учет
|
| 610 |
1 |
|
|a налогообложение
|
| 610 |
1 |
|
|a дорожные чеки
|
| 610 |
1 |
|
|a банковские карты
|
| 610 |
1 |
|
|a импортные операции
|
| 610 |
1 |
|
|a экспортные операции
|
| 610 |
1 |
|
|a экономический анализ
|
| 610 |
1 |
|
|a эффективность
|
| 610 |
1 |
|
|a бухгалтерская отчетность
|
| 610 |
1 |
|
|a иностранная валюта
|
| 610 |
1 |
|
|a покупка
|
| 610 |
1 |
|
|a продажа
|
| 610 |
1 |
|
|a ценные бумаги
|
| 610 |
1 |
|
|a векселя
|
| 610 |
1 |
|
|a доходность
|
| 610 |
1 |
|
|a учебные пособия
|
| 686 |
|
|
|a У9(2)8я73
|2 rubbk
|
| 686 |
|
|
|a У053я73
|v LBC/SL-A
|2 rubbk
|
| 700 |
|
1 |
|a Ионова
|b А. Ф.
|g Александра Филипповна
|
| 701 |
|
1 |
|a Тарасова
|b Н. А.
|g Наталья Александровна
|
| 701 |
|
1 |
|a Амаглобели
|b Н. Д.
|g Нодари Дарчоевич
|
| 801 |
|
1 |
|a RU
|b 63413507
|c 20101220
|
| 801 |
|
2 |
|a RU
|b 63413507
|c 20110411
|g RCR
|
| 900 |
|
|
|a Бухгалтерский учет
|
| 900 |
|
|
|a Налоги и налогообложение
|
| 900 |
|
|
|a Экономический анализ
|
| 900 |
|
|
|a Внешнеэкономическая деятельность
|
| 942 |
|
|
|c BK
|
| 952 |
|
|
|b 080109
|b 080105
|
| 959 |
|
|
|a 89/20101208
|d 1
|e 400,00
|f ЧЗГЛ:1
|